Sobranije narodnych pesen

Bibliographic Details
Main Author: [Kireevskij, P. V. ] (Author)
Format: Book
Language:Undetermined
PhysicalDescription:461s.
Published: Tula Priokskoe Knižnoe Izdateľstvo 1986

MARC

LEADER 00000nam a2200000 a 4500
001 vtls001431237
003 SK-MaSNL
005 20260301120931.0
008 240313s1926 xx 0 und
035 |a SNK000386277 
040 |a SNK  |b slo  |c SNK  |e AACR2 
100 1 |a [Kireevskij, P. V. ]  |4 aut  |9 464288 
245 1 |a Sobranije narodnych pesen 
260 |a Tula  |b Priokskoe Knižnoe Izdateľstvo  |c 1986 
300 |a 461s. 
999 |c 727596  |d 729526 
952 |a SNK  |b SNK  |y VYP  |7 0  |p 17A0530329  |o snkIC 106836  |i snkV 3515/87  |8 2  |3 rekatalogizácia  |0 0  |1 0  |4 0  |d 2006-12-01  |l 0  |r 2026-02-23 22:18:46  |w 2026-02-23